Khảo sát cấu trúc hợp kim Al-Cu hai chiều bằng phương pháp động lực học phân tử : Luận văn tốt nghiệp Cao học. Chuyên ngành Vật lý lý thuyết và Vật lý toán

Đề tài thực hiện mô phỏng động lực học phân tử hiện tượng chuyển pha từ trạng thái lỏng bằng cách làm lạnh mô hình từ nhiệt độ 5000K xuống 300K với tốc độ 1010 K/s của mô hình hợp kim Al-Cu hai chiều gồm 10000 nguyên tử (tỉ lệ 50%Al: 5...

Volledige beschrijving

Bewaard in:
Bibliografische gegevens
Hoofdauteur: Trầm, Mỹ Phước
Formaat: Boek
Taal:Undetermined
Gepubliceerd in: Cần Thơ Trường Đại học Cần Thơ 2019
Onderwerpen:
Tags: Voeg label toe
Geen labels, Wees de eerste die dit record labelt!
Thư viện lưu trữ: Trung tâm Học liệu Trường Đại học Cần Thơ
LEADER 01324nam a2200217Ia 4500
001 CTU_232138
008 210402s9999 xx 000 0 und d
082 |a 530.15 
082 |b Ph557 
088 |a 8440103 
100 |a Trầm, Mỹ Phước 
245 0 |a Khảo sát cấu trúc hợp kim Al-Cu hai chiều bằng phương pháp động lực học phân tử : 
245 0 |b Luận văn tốt nghiệp Cao học. Chuyên ngành Vật lý lý thuyết và Vật lý toán 
245 0 |c Trầm Mỹ Phước ; Võ Văn Hoàng (Cán bộ hướng dẫn) 
260 |a Cần Thơ 
260 |b Trường Đại học Cần Thơ 
260 |c 2019 
520 |a Đề tài thực hiện mô phỏng động lực học phân tử hiện tượng chuyển pha từ trạng thái lỏng bằng cách làm lạnh mô hình từ nhiệt độ 5000K xuống 300K với tốc độ 1010 K/s của mô hình hợp kim Al-Cu hai chiều gồm 10000 nguyên tử (tỉ lệ 50%Al: 50%Cu) với thế tương tác hai loại nguyên tử là thế EAM. 
650 |a Mathematical physics,Vật lý toán 
910 |b nthai 
980 |a Trung tâm Học liệu Trường Đại học Cần Thơ